Tin học ứng dụng cầu đường

Salvato in:
Dettagli Bibliografici
Autore principale: Phạm Văn Thoan
Natura: Libro
Lingua:Vietnamese
Pubblicazione: Xây dựng 2014
Soggetti:
Tags: Aggiungi Tag
Nessun Tag, puoi essere il primo ad aggiungerne! !
Thư viện lưu trữ: Mạng thư viện Đại học Đà Nẵng
LEADER 01010nam a2200313 a 4500
001 000003020
003 04133
005 20171229145311.0
008 171229s2014 vie
040 |a LSK 
041 0 |a VIE 
082 0 |a 624.0285  |b PH-T 
100 1 |a Phạm Văn Thoan 
245 0 0 |a Tin học ứng dụng cầu đường 
260 |b Xây dựng  |c 2014 
300 |a 237 pages  |c 27 cm. 
653 |a Xây dựng - Cầu đường - Tin học ứng dụng 
852 |a Phòng Đọc - Phòng Mượn 
901 |a 5 
927 |a Sách tham khảo 
OWN |a LSK 
AVA |a UDN50  |b LSK  |d 624.0285 PH-T  |e available  |t Error 5001 Not defined in file expand_doc_bib_avail.  |f 5  |g 0  |h N  |i 1  |k 1 
999 |a From the UDN01 
AVA |a UDN50  |b LSK  |d 624.0285 PH-T  |e available  |t Error 5001 Not defined in file expand_doc_bib_avail.  |f 5  |g 0  |h N  |i 1  |k 1 
TYP |a Monograph 
TYP |a Printed language 
980 |a Mạng thư viện Đại học Đà Nẵng